000 00316nam a22001337a 4500
008 210301b ||||| |||| 00| 0 eng d
020 _a9781256045601
041 _aeng
080 _a721
100 _a41
101 _aNDe
245 _aPearson Construction Technology
_cPerson Learning Solutions
942 _2udc
_cBK
999 _c55355
_d55355